Countries with First Vowel 'A' - Statistics

General Stats
  • This quiz has been taken 1,116 times
    1,106 since last reset
  • The average score is 56 of 66
Answer Stats
Country % Correct
Australia
97%
Andorra
94%
Argentina
94%
Austria
94%
Afghanistan
93%
Albania
93%
Algeria
93%
Armenia
93%
Canada
93%
Angola
90%
Azerbaijan
90%
Antigua and Barbuda
89%
Latvia
89%
Bahamas
88%
Barbados
88%
Brazil
88%
Jamaica
88%
Japan
88%
Panama
88%
France
87%
Kazakhstan
87%
Mali
87%
Spain
87%
Mauritania
86%
Paraguay
86%
Tanzania
86%
Zambia
86%
Haiti
85%
Laos
85%
Nauru
84%
Pakistan
84%
Palau
84%
Tajikistan
84%
Vatican City
84%
Gambia
83%
Ghana
83%
Madagascar
83%
Mauritius
83%
Saint Kitts and Nevis
83%
Saint Lucia
83%
Samoa
83%
Saudi Arabia
83%
Vanuatu
83%
Bahrain
82%
Chad
82%
Malta
82%
Marshall Islands
82%
Qatar
82%
Saint Vincent and the Grenadines
82%
Cambodia
81%
Cameroon
81%
Namibia
81%
San Marino
81%
Gabon
80%
Malawi
80%
Malaysia
80%
Bangladesh
79%
Cape Verde
79%
Thailand
79%
Maldives
78%
Papua New Guinea
78%
Rwanda
77%
Taiwan
77%
São Tomé and Príncipe
75%
Macedonia
71%
Swaziland
50%
No matching quizzes found
Score Distribution
Percent of People with Each Score
Percentile by Number Answered
Your Score History
You have not taken this quiz since the last reset